Seneca und die Stoa: Der Platz des Menschen in der Welt.
Na minha lista:
| Autor principal: | |
|---|---|
| Formato: | Livro |
| Publicado em: |
Berlin, Deutschland:
Walter de Gruyter,
2006.
|
| Colecção: | Untersuchungen zur antiken Literatur und Geschichte,
|
| Assuntos: | |
| Tags: |
Adicionar Tag
Sem tags, seja o primeiro a adicionar uma tag!
|
MARC
| LEADER | 00000nam a22000007a 4500 | ||
|---|---|---|---|
| 003 | CL-VaPUC | ||
| 005 | 20220822114812.0 | ||
| 008 | 220804t2006 ||||| |||| 00| 0 eng d | ||
| 999 | |c 437949 |d 437947 | ||
| 020 | |a 978-3-11-019148-6 | ||
| 022 | |a 1862-1112 | ||
| 040 | |c Pontificia Universidad Católica de Valparaíso | ||
| 082 | 7 | |a 188 WIL 2006 |2 22 | |
| 100 | 1 | |a Wildberger, Jula |e autor |9 874783 | |
| 245 | |a Seneca und die Stoa: |b Der Platz des Menschen in der Welt. | ||
| 260 | |a Berlin, Deutschland: |b Walter de Gruyter, |c 2006. | ||
| 300 | |a 2 volúmenes. | ||
| 490 | |a Untersuchungen zur antiken Literatur und Geschichte, |n 84/1, 84/2. | ||
| 500 | |a v.1-2 c.1 Donación Familia Prof. Alejandro Guzmán Brito. | ||
| 505 | |a Bd. 1. Text -- Bd. 2. Anhänge, Literatur, Anmerkungen und Register. | ||
| 583 | |c 20220804 |k Cristina María Rojas Aguilar | ||
| 600 | 0 | |a Seneca, Lucius Annaeus, |9 874267 |d 54 a.C.-39 d.C. |x Crítica e interpretación | |
| 650 | |a Antropología filosófica |x Historia |9 874784 | ||
| 650 | |a Cosmología antigua |x Historia |9 874785 | ||
| 650 | |a Estoicos |x Historia |9 872066 | ||
| 942 | |2 ddc |c BK |n 0 | ||
| 952 | |0 0 |1 0 |2 ddc |4 0 |6 188_000000000000000_WIL_2006 |7 1 |8 C_AGB |9 585807 |a BIBDER |b BIBDER |d 2022-08-04 |e Donación |h B.1 |i 5653779 |o 188 WIL 2006 |p 5653779 |r 2023-01-25 |t 1 |w 2022-08-04 |y BK_US |k AGB | ||
| 952 | |0 0 |1 0 |2 ddc |4 0 |6 188_000000000000000_WIL_2006 |7 1 |8 C_AGB |9 585808 |a BIBDER |b BIBDER |d 2022-08-04 |e Donación |h B.2 |i 5653780 |o 188 WIL 2006 |p 5653780 |r 2023-01-25 |t 1 |w 2022-08-04 |y BK_US |k AGB | ||